CHP üye kayıt yenileme genelgesi (Record no. 7125)

MARC details
000 -BAŞLIK
Sabit Uzunlukta Kontrol Alanı 01487na a2200409 4500
001 - KONTROL NUMARASI
Denetim Alanı 20217
003 - KONTROL NUMARASI IDENTIFIER
Denetim Alanı MIRAKIL
005 - SON İŞLEM TARİHİ VE ZAMANI
Denetim Alanı 20181213155128.0
008 - SABİT-BOY VERİ ELEMANLARI - GENEL BİLGİLER
Sabit Uzunlukta Kontrol Alanı 170120b tu 000 0
035 ## - SİSTEM KONTROL NUMARASI
Sistem Kontrol Numarası 20217
040 ## - KATALOGLAMA KAYNAK
Orijinal Kataloglama Ajansı Milas
Kataloglama Dili tur
Metne Dönüştürmek Ajansı TR-AnCHP
041 ## - DİL KODU
Metin / Ses Parça Veya Ayrı Başlığın Dil Kodu tur
082 ## - DEWEY ONLU SINIFLANDIRMA NUMARASI
Sınıflandırma Numarası CHP 324.2372026
Ürün Numarası C36ü 1999
090 ## - SINIFLAMA NUMARASI
Sınıflama Numarası BROŞÜR 310
110 ## - ANA GİRİŞ - KURUMSAL ADI
Giriş Elemanı Olarak Kurumsal Ad Veya Yargı Alanı Adı Cumhuriyet Halk Partisi (CHP)
222 ## - ANAHTAR ADI
Anahtar Başlık Üye kayıt yenileme
245 ## - BAŞLIK TABLOSU
Başlık CHP üye kayıt yenileme genelgesi
Başlığın Kalan [21.09.1999]
Sorumluluk Tablosu, Vb CHP
246 ## - UNVAN FORM VARYING
Başlık Doğru / Kısa Başlığı CHP 1999 üye kayıt yenileme genelgesi
260 ## - YAYIN, DAĞITIM, VB
Yayın, Dağıtım, Vb Yeri Ankara
Yayıncı, Dağıtıcı, Vs Adı CHP
Yayın, Dağıtım, Vb Tarihi 1999
300 ## - FİZİKSEL TANIM
Kapsam 21 s.
Boyutlar 21 sm.
440 ## - SERİSİ TABLOSU / KATMA GİRİŞİ - BAŞLIK
Başlık Cumhuriyet Halk Partisi yayınları
Bir İşin Parçası / Bölümün İsmi Genelgeler
490 ## - SERİSİ TABLOSU
Seri Beyanı Üye Kayıt Yenileme (ÜKY)
Hacim / Ardışık Tanımı 2
500 ## - GENEL NOT
Genel Not Dış kapak yapıt adı: Türkiye'ye sahip çık kaydını yenile. Üye kayıt yenileme genelgesi
500 ## - GENEL NOT
Genel Not Kütüphaneciden çevrimdışı versiyonu sağlanabilir
610 ## - KONU KATMA GİRİŞ - TOPLANTI ADI
Giriş Elemanı Olarak Kurumsal Ad Veya Yargı Alanı Adı Cumhuriyet Halk Partisi (CHP)
Genel Alt Bölüm Genelgeler, 1999
Kronolojik Alt Bölüm Parti üyeliği
-- Üyelik yenileme
610 ## - KONU KATMA GİRİŞ - TOPLANTI ADI
Giriş Elemanı Olarak Kurumsal Ad Veya Yargı Alanı Adı Cumhuriyet Halk Partisi (CHP)
Genel Alt Bölüm Yönetmelikler, 1999
Kronolojik Alt Bölüm Parti üyeliği
-- Üyelik yenileme
740 ## - KATMA GİRİŞ - KONTROLSUZ İLGİLİ / ANALİTİK BAŞLIK
Kontrol Edilmeyen / İlgili Analitik Başlıktaki Üye kayıt yenileme genelgesi
740 ## - KATMA GİRİŞ - KONTROLSUZ İLGİLİ / ANALİTİK BAŞLIK
Kontrol Edilmeyen / İlgili Analitik Başlıktaki CHP 1999 üye kayıt yenileme genelgesi
740 ## - KATMA GİRİŞ - KONTROLSUZ İLGİLİ / ANALİTİK BAŞLIK
Kontrol Edilmeyen / İlgili Analitik Başlıktaki Türkiye'ye sahip çık kaydını yenile.
830 ## - SERİSİ EKLENDİ GİRİŞ - ÜNİFORM ADI
Üniforma Başlık CHP genelgeleri
942 ## - EKLENDİ GİRİŞ ELEMANLARI (KOHA)
Sınıflandırma Veya Raf Düzeni Kaynak
Koha Öğesi Türü Books
999 ## - SİSTEM KONTROL NUMARALARI (KOHA)
Koha Biblionumber 7125
Koha Biblioitemnumber 7125
657 ## - INDEX SÜRE - İŞLEVİ
-- CHP 1999 genelgesi
657 ## - INDEX SÜRE - İŞLEVİ
-- CHP genelgeleri
657 ## - INDEX SÜRE - İŞLEVİ
-- CHP yönetmelikleri
657 ## - INDEX SÜRE - İŞLEVİ
-- CHP 1999 yönetmeliği
Holdings
Kullanım Kısıtlamaları Kalıcı Konum Mevcut Konum Edinme Tarihi Edinim Kaynak Kodlu Konum Eleme Toplam Check-Out'Lar Tam Çağrı Numarası Barkod Tarih Son Görülme Kopya Sayısı İtibaren Geçerli Fiyatlar Sigara Kamu Notu Koha Öğesi Türü
Kütüphane dışına çıkarılamaz CHP Kütüphanesi CHP Kütüphanesi 01/15/2017 Bağış BROŞÜRLER   BROŞÜR 310 011473 01/15/2017 k.13 01/15/2017 Özgün kitap Visual Material